[Event "Vojens Sonderjysk EMT A"]
[Site "Vojens"]
[Date "2015.05.18"]
[Round "4"]
[White "Feldborg, Henrik"]
[Black "Ladefoged, Simon Degnbol"]
[Result "0-1"]
[WhiteElo "1629"]
[BlackElo "1751"]
[PlyCount "96"]
[EventDate "2015.04.27"]
[EventType "tourn"]
[EventRounds "7"]
[EventCountry "DEN"]
[SourceTitle "EXT 2023"]
[Source "ChessBase"]
[SourceDate "2022.10.05"]
[SourceVersion "1"]
[SourceVersionDate "2022.10.05"]
[SourceQuality "1"]

1. Nf3 Nf6 2. g3 d5 3. d3 e6 4. Bg2 Bd6 5. 0-0 0-0 6. Nbd2 b6 7. e4 dxe4 8. dxe4 e5 9. Nc4 Ba6 10. b3 Nc6 11. Nfd2 Na5 12. Qe2 Bb4 13. Rd1 Qe7 14. Bb2 Rad8 15. c3 Ba3 16. Bxa3 Qxa3 17. Bf1 Nxc4 18. Nxc4 Rxd1 19. Qxd1 Bxc4 20. Bxc4 Nxe4 21. Qe1 Nd6 22. Bd5 Re8 23. Qd2 a5 24. Re1 Qc5 25. b4 axb4 26. cxb4 Qd4 27. Qxd4 exd4 28. Rxe8+ Nxe8 29. Kf1 c5 30. bxc5 bxc5 31. Ke2 Kf8 32. a4 Ke7 33. a5 Nd6 34. Kd3 Nc8 35. Kc4 Kd6 36. Bxf7 Na7 37. f4 Nc6 38. a6 d3 39. Kxd3 Nb4+ 40. Ke4 Nxa6 41. Bg8 h6 42. Kf5 Ke7 43. Kg6 Kf8 44. Bc4 Nc7 45. h4 Ne8 46. g4 Nd6 47. Bd5 Nc8 48. h5 Ne7+ 0-1

[Event "Logumkloster-chB"]
[Site "Logumkloster"]
[Date "2009.05.05"]
[Round "3"]
[White "Feldborg, Henrik"]
[Black "Hansen, Hans Ole"]
[Result "0-1"]
[WhiteElo "1640"]
[BlackElo "1624"]
[PlyCount "56"]
[EventDate "2009.04.21"]
[EventType "tourn"]
[EventRounds "5"]
[EventCountry "DEN"]
[SourceTitle "EXT 2023"]
[Source "ChessBase"]
[SourceDate "2022.10.05"]
[SourceVersion "1"]
[SourceVersionDate "2022.10.05"]
[SourceQuality "1"]

1. d4 d5 2. c4 e5 3. dxe5 d4 4. e3 Bb4+ 5. Bd2 dxe3 6. Bxb4 exf2+ 7. Ke2 Qxd1+ 8. Kxd1 fxg1Q 9. Rxg1 Nc6 10. Bc3 Bg4+ 11. Be2 0-0-0+ 12. Nd2 Bxe2+ 13. Kxe2 Nd4+ 14. Bxd4 Rxd4 15. b3 Ne7 16. Rgf1 Rf8 17. Nf3 Rg4 18. Kf2 Ng6 19. h3 Rf4 20. Rae1 Re8 21. g3 Rf5 22. g4 Rf4 23. Kg3 Rh8 24. h4 h5 25. gxh5 Rxh5 26. Rh1 Rhf5 27. Re3 Nf8 28. Nd4 Rxd4 0-1

[Event "LSS SC-2008-0-00022"]
[Site "LSS email"]
[Date "2009.01.23"]
[Round "?"]
[White "Feldborg, Henrik"]
[Black "Traczewski, Wojciech"]
[Result "0-1"]
[WhiteElo "1690"]
[BlackElo "1801"]
[PlyCount "24"]
[EventDate "2009.01.11"]
[EventType "tourn (corr)"]
[EventRounds "6"]
[EventCountry "GER"]
[SourceTitle "Corr 2013"]
[Source "ChessBase"]
[SourceDate "2012.11.12"]
[SourceVersion "1"]
[SourceVersionDate "2012.11.12"]
[SourceQuality "1"]
[WhiteTeam "US of America"]
[BlackTeam "US of America"]
[WhiteTeamCountry "USA"]
[BlackTeamCountry "USA"]

1. e4 c5 2. d4 cxd4 3. c3 dxc3 4. Nxc3 Nc6 5. Bc4 e6 6. Nf3 d6 7. Bf4 Nf6 8. e5 dxe5 9. Qxd8+ Nxd8 10. Nxe5 Bb4 11. Rd1 0-0 12. 0-0 Nc6 0-1